Les pays nordiques en marche vers une intégration européenne.

Kľúčové hospodárske údaje o severských krajinách. Neúspech švédskeho modelu v 80. rokoch. Údaje o vývoji švédskej ekonomiky. Nórsko, v ktorého hospodárstve dominuje vývoz naftových výrobkov (42 perc.). Fínsko: ZSSR donedávna pohlcoval 13 perc. jeho vývozu. V jeho ekonomike prevláda poľnohospodárstvo...

Descrizione completa

Salvato in:
Dettagli Bibliografici
Natura: Capitolo di libro
Lingua:francese
Soggetti:
Tags: Aggiungi Tag
Nessun Tag, puoi essere il primo ad aggiungerne!!

MARC

LEADER 00000naa a2200000 4500
001 r009648
005 20220913125058.0
041 0 |a fre 
044 |a FR 
245 1 0 |a Les pays nordiques en marche vers une intégration européenne. 
520 |a Kľúčové hospodárske údaje o severských krajinách. Neúspech švédskeho modelu v 80. rokoch. Údaje o vývoji švédskej ekonomiky. Nórsko, v ktorého hospodárstve dominuje vývoz naftových výrobkov (42 perc.). Fínsko: ZSSR donedávna pohlcoval 13 perc. jeho vývozu. V jeho ekonomike prevláda poľnohospodárstvo a lesníctvo. Dánsko: údaje o vývoji dánskeho hospodárstva. Úsilie severských štátov o vstup do Európy. (Conjoncture-Paribas 1992, č.3). 
610 2 0 |a rozvoj hospodársky 
610 2 0 |a Škandinávia 
610 2 0 |a Švédsko 
610 2 0 |a Nórsko 
610 2 0 |a Fínsko 
610 2 0 |a integrácia ekonomická medzinárodná